000 01985cam a2200445 i 4500
001 17885296
005 20230222100929.0
008 130913t20132013nyu b 001 0 eng
010 _a 2013021539
020 _a9780415717601 (hbk)
020 _z9781315871264 (ebk)
040 _aDLC
_beng
_cDLC
_erda
_dDLC
042 _apcc
050 0 0 _aJA85
_b.M54 2013
082 0 0 _a327.1014, MIS
_223
084 _aPOL011000
_aPOL028000
_2bisacsh
100 1 _aMiskimmon, Alister,
_eauthor.
_9109424
245 1 0 _aStrategic narratives :
_bcommunication power and the new world order /
_cAlister Miskimmon, Ben O'Loughlin, and Laura Roselle.
264 1 _aNew York ;
_aLondon :
_bRoutledge, Taylor & Francis Group,
_c2013.
264 4 _c©2013
300 _axiv, 224 pages ;
_c24 cm.
336 _atext
_2rdacontent
337 _aunmediated
_2rdamedia
338 _avolume
_2rdacarrier
490 0 _aRoutledge studies in global information, politics and society ;
_v3
504 _aIntroduction (Page-1), Actors in Strategic Narratives (Page-30), Strategic Narratives of International Order (Page-101), Contestation (Page-148), Information Infrastructure (Page-176), Conclusions: Thinking Ahead (Page-176).
650 0 _aCommunication in politics.
_927084
650 0 _aMass media.
_9116
650 0 _aSocial media.
_914675
650 0 _aInternational relations.
650 0 _aSocial policy.
_98916
650 7 _aPOLITICAL SCIENCE / International Relations / General.
_2bisacsh
_997134
650 7 _aPOLITICAL SCIENCE / Public Policy / General.
_2bisacsh
_9109425
700 1 _aO'Loughlin, Ben,
_d1976-
_eauthor.
_9109426
700 1 _aRoselle, Laura,
_eauthor.
_9109427
856 4 2 _3Cover image
_uhttp://images.tandf.co.uk/common/jackets/websmall/978041571/9780415717601.jpg
906 _a7
_bcbc
_corignew
_d1
_eecip
_f20
_gy-gencatlg
942 _2ddc
_cBK
999 _c593406
_d593406